The Impact of Institutional and Economic Factors on the FinTech Development diplomová práca

Gespeichert in:
Bibliographische Detailangaben
1. Verfasser: Solusová, Natália
Körperschaften: Národohospodárska fakulta EU. Katedra financií, Nottingham Trent University. Nottingham Business School
Weitere Verfasser: Péliová, Jana, 1976-
Format: Buch
Sprache:Englisch
Veröffentlicht: Bratislava 2024
Tags: Tag hinzufügen
Keine Tags, Fügen Sie das erste Tag hinzu!

MARC

LEADER 00000nbm a2200000 4500
001 0300752
005 20250609094627.5
041 0 |a eng 
044 |a SK 
245 1 0 |a The Impact of Institutional and Economic Factors on the FinTech Development  |b diplomová práca  |c Natália Solusová ; školiteľ: Jana Péliová 
264 1 |a Bratislava  |c 2024 
300 |a 39 s. 
100 1 |a Solusová, Natália 
700 1 |a Péliová, Jana, 1976- 
710 2 |a Národohospodárska fakulta EU. Katedra financií 
710 2 |a Nottingham Trent University. Nottingham Business School